| 000 | 00558nam a2200181 i 4500 | ||
|---|---|---|---|
| 001 | 15144 | ||
| 003 | ES-MaACL | ||
| 005 | 20230906151011.0 | ||
| 007 | t| | ||
| 008 | 991227s1998 sp ||||1| spa d | ||
| 080 | _a821.134.2-1"19"(082.2) | ||
| 245 | 0 | 0 |
_aAntología escogida de poetas españoles 1998 / _c[Oscar Coballes Martínez... et al.]. |
| 260 |
_a[S.l.] : _bItálica, _c1998. |
||
| 300 |
_a93 p. ; _c21 cm. |
||
| 650 | 4 |
_aPoesías españolas- _yS.XX. _916221 |
|
| 700 | 1 |
_aCoballes Martínez, Oscar. _939332 |
|
| 852 |
_aES-MaACL _jL-22303 _bR.127682 |
||
| 999 |
_c15144 _d15144 |
||